000 00667nam a2200277Ia 4500
008 210210b2009 xxu||||| |||| 00| 0 eng d
020 _a9788180521577
041 _aeng
082 _a510.2465 SONE
100 _aSONI (R S)
245 _aEssential business mathematics and business statistics: for BCom Part II
260 _aNew Delhi
_bAne Books Pvt. Ltd.
_c2009
300 _ax,426
440 _aII
650 _astatistics:
650 _aPart
650 _amathematics
650 _aII
650 _afor
650 _aEssential
650 _abusiness
650 _aBCom
650 _aand
690 _aBusiness Mathematics
906 _a065021
999 _c141652
_d141652